[Event "Continental de las Americas"]
[Site "Buenos Aires"]
[Date "2005.08.11"]
[Round "6.11"]
[White "Leitao, Rafael"]
[Black "Rojas, Luis"]
[Result "1/2-1/2"]
[WhiteElo "2598"]
[BlackElo "2437"]
[PlyCount "80"]
[EventDate "2005.08.06"]

1. d4 d5 2. c4 Nc6 3. cxd5 Qxd5 4. e3 e5 5. Nc3 Bb4 6. Bd2 Bxc3 7. bxc3 Nf6 8.
f3 e4 9. c4 Qf5 10. Nh3 O-O 11. Be2 exf3 12. Bxf3 Qd3 13. Nf4 Qa3 14. O-O Bf5
15. g4 Be4 16. g5 Bxf3 17. Qxf3 Nd7 18. c5 Rad8 19. Qg2 Ndb8 20. h4 b6 21. Rac1
Qxa2 22. h5 Na5 23. h6 g6 24. Ra1 Qb3 25. Rfb1 Qc4 26. Rc1 Qb5 27. Bxa5 bxa5
28. Nd5 Qb3 29. Nf6+ Kh8 30. Qf2 a4 31. d5 a3 32. d6 cxd6 33. c6 Qb2 34. c7 Rc8
35. Qf4 Rxc7 36. Rxc7 Qxa1+ 37. Kg2 Qb2+ 38. Kf3 Qa1 39. Qxd6 Qf1+ 40. Kg3 Qg1+
1/2-1/2

[Event "Continental de las Americas"]
[Site "Buenos Aires"]
[Date "2005.08.11"]
[Round "6.12"]
[White "Gulko, Boris"]
[Black "Lafuente, Pablo"]
[Result "1-0"]
[WhiteElo "2589"]
[BlackElo "2435"]
[PlyCount "73"]
[EventDate "2005.08.06"]

1. d4 Nf6 2. c4 e6 3. Nf3 b6 4. g3 Ba6 5. Nbd2 Bb7 6. Bg2 Bb4 7. O-O O-O 8. a3
Bxd2 9. Qxd2 Be4 10. b3 d6 11. Bb2 Nbd7 12. Qc3 a5 13. Rfe1 a4 14. b4 b5 15. d5
e5 16. Nd2 Bxg2 17. Kxg2 Qc8 18. Rac1 c5 19. dxc6 Qxc6+ 20. Qf3 Qb6 21. cxb5 d5
22. Rc6 Qxb5 23. Rec1 Rfe8 24. Qd3 Qb7 25. Rc7 Qb8 26. e3 Nf8 27. Qf5 Ne6 28.
R7c6 d4 29. exd4 exd4 30. Nf3 Qa7 31. Rd1 Qb7 32. Qc2 Rad8 33. Bxd4 Qd7 34. h3
Ne4 35. Qxe4 Ng5 36. Qg4 Qxc6 37. Qxg5 1-0

[Event "Continental de las Americas"]
[Site "Buenos Aires"]
[Date "2005.08.11"]
[Round "6.15"]
[White "Zambrana, Oswaldo"]
[Black "Nogueiras, Jesus"]
[Result "1/2-1/2"]
[WhiteElo "2421"]
[BlackElo "2541"]
[PlyCount "27"]
[EventDate "2005.08.06"]

1. e4 e6 2. d4 d5 3. Nd2 c5 4. Ngf3 cxd4 5. exd5 Qxd5 6. Bc4 Qd6 7. O-O Nf6 8.
Nb3 Nc6 9. Nbxd4 Nxd4 10. Nxd4 a6 11. Bb3 Bd7 12. c3 Qc7 13. Qf3 Bd6 14. h3
1/2-1/2

[Event "Continental de las Americas"]
[Site "Buenos Aires"]
[Date "2005.08.11"]
[Round "6.16"]
[White "Sunye Neto, Jaime"]
[Black "Toloza, Pablo"]
[Result "1-0"]
[WhiteElo "2530"]
[BlackElo "2349"]
[PlyCount "103"]
[EventDate "2005.08.06"]

1. c4 e6 2. Nc3 c5 3. Nf3 Nf6 4. g3 b6 5. Bg2 Bb7 6. O-O Be7 7. d4 cxd4 8. Qxd4
d6 9. Rd1 a6 10. b3 Nbd7 11. Bb2 Qc7 12. Ng5 Bxg2 13. Kxg2 Rd8 14. Kg1 O-O 15.
Rac1 Qb7 16. Qd3 h6 17. Qf3 Qb8 18. Nge4 b5 19. Nxf6+ Bxf6 20. Qc6 b4 21. Na4
Bxb2 22. Nxb2 Nc5 23. Rc2 Rd7 24. Nd3 Rc8 25. Qf3 a5 26. Rcd2 Nxd3 27. Rxd3 Qb6
28. e4 Qc5 29. Rd4 Kf8 30. Qe3 f6 31. Kg2 Ke7 32. Qe2 Qb6 33. f4 Rc5 34. h4 Qc6
35. Kh2 Kd8 36. Qg4 e5 37. Rd5 Kc7 38. fxe5 fxe5 39. Qe6 Qb6 40. Rxd6 Qxd6 41.
Rxd6 Rxd6 42. Qe7+ Kc6 43. Qxg7 Rd2+ 44. Kh3 Rxa2 45. Qxh6+ Kb7 46. Qg7+ Kc6
47. h5 a4 48. h6 axb3 49. h7 Ra8 50. h8=Q Rxh8+ 51. Qxh8 b2 52. Qc8+ 1-0

[Event "Continental de las Americas"]
[Site "Buenos Aires"]
[Date "2005.08.??"]
[Round "6.17"]
[White "Quezada, Yuniesky"]
[Black "Mayorga, Nicolas"]
[Result "1-0"]
[WhiteElo "2522"]
[BlackElo "2188"]
[PlyCount "55"]
[EventDate "2005.08.06"]

1. e4 c5 2. Nf3 d6 3. d4 cxd4 4. Nxd4 Nf6 5. Nc3 e6 6. Be3 a6 7. f3 b5 8. Qd2
b4 9. Nce2 e5 10. Nb3 Nc6 11. g4 h6 12. c4 a5 13. Ng3 a4 14. Nc1 Be6 15. Bd3
Be7 16. Nce2 Nd7 17. Nf5 Bxf5 18. exf5 Bh4+ 19. Ng3 Nc5 20. O-O O-O 21. Be4 Qc7
22. Bd5 Kh7 23. g5 Rab8 24. g6+ fxg6 25. fxg6+ Kxg6 26. Qc2+ Kf6 27. Qf5+ Ke7
28. Qg4 1-0

[Event "Continental de las Americas"]
[Site "Buenos Aires"]
[Date "2005.08.11"]
[Round "6.18"]
[White "Disconzi da Silva, Rodrigo"]
[Black "Vasquez, Rodrigo"]
[Result "0-1"]
[WhiteElo "2367"]
[BlackElo "2558"]
[PlyCount "102"]
[EventDate "2005.08.06"]

1. d4 e6 2. Nf3 Nf6 3. c4 c5 4. e3 g6 5. Nc3 Bg7 6. Be2 O-O 7. O-O d6 8. b3 b6
9. Bb2 Bb7 10. Qc2 a6 11. Rfd1 Qc7 12. d5 exd5 13. Nxd5 Bxd5 14. cxd5 Re8 15.
a4 Nbd7 16. Bc4 Qb7 17. Qe2 Ne4 18. Bxg7 Kxg7 19. Rac1 f5 20. b4 Kg8 21. bxc5
bxc5 22. Rb1 Qc7 23. Rdc1 Nb6 24. Bxa6 Nxa4 25. Rb7 Qa5 26. Qb5 Qxb5 27. Bxb5
Nac3 28. Bxe8 Ne2+ 29. Kf1 Nxc1 30. Bf7+ Kf8 31. Be6 Ra2 32. h3 Rxf2+ 33. Kg1
Ne2+ 34. Kh2 Rf1 35. Rb8+ Ke7 36. Rb7+ Kd8 37. Ne5 dxe5 38. d6 Nxd6 39. Rd7+
Ke8 40. Rxd6 Ke7 41. Rc6 Rc1 42. Bg8 f4 43. exf4 Nxf4 44. g3 Rc2+ 45. Kh1 Ne2
46. Bxh7 Nxg3+ 47. Kg1 Ne2+ 48. Kf1 Nf4 49. Bxg6 Rc1+ 50. Kf2 Kd7 51. Ra6 Nxh3+
0-1

[Event "Continental de las Americas"]
[Site "Buenos Aires"]
[Date "2005.08.11"]
[Round "6.19"]
[White "Lima, Darcy"]
[Black "Scarella, Enrique"]
[Result "1-0"]
[WhiteElo "2535"]
[BlackElo "2367"]
[PlyCount "71"]
[EventDate "2005.08.06"]

1. e4 d5 2. exd5 Nf6 3. d4 Nxd5 4. c4 Nb6 5. Nf3 g6 6. Nc3 Bg7 7. c5 Nd5 8. Bc4
Nxc3 9. bxc3 O-O 10. O-O Nc6 11. Re1 Bg4 12. Bg5 h6 13. Bh4 g5 14. Bg3 e5 15.
d5 Na5 16. Bf1 c6 17. d6 f6 18. h3 Bd7 19. h4 b6 20. hxg5 hxg5 21. Rb1 bxc5 22.
Qa4 Rf7 23. Nd2 Bf5 24. Rbd1 Rd7 25. Nc4 Nxc4 26. Bxc4+ Kh7 27. Qxc6 Rc8 28.
Qf3 Kg6 29. Bh2 g4 30. Qd5 Qh8 31. f3 Qh5 32. fxg4 Qxg4 33. Re3 Rxd6 34. Qf7+
Kh7 35. Rxd6 Rb8 36. Rh3+ 1-0

[Event "Continental de las Americas"]
[Site "Buenos Aires"]
[Date "2005.08.11"]
[Round "6.20"]
[White "Arencibia, Walter"]
[Black "Sosa Harrison, Jorge"]
[Result "1-0"]
[WhiteElo "2527"]
[BlackElo "2346"]
[PlyCount "121"]
[EventDate "2005.08.06"]

1. d4 Nf6 2. c4 e5 3. dxe5 Ng4 4. Nf3 Bc5 5. e3 Nc6 6. Be2 O-O 7. O-O Ngxe5 8.
Nxe5 Nxe5 9. Nc3 a5 10. Ne4 Ba7 11. Bd2 d5 12. cxd5 Qxd5 13. Nc3 Qe6 14. Qc2 c6
15. Rad1 Bb6 16. Na4 Bc7 17. f4 Ng4 18. e4 Qg6 19. Rf3 b5 20. Nc5 Bb6 21. b4
axb4 22. Bxb4 Re8 23. Bd3 Qd6 24. Bxb5 Qh6 25. Rh3 Qxf4 26. Bxc6 Ne3 27. Rxe3
Qxe3+ 28. Kh1 Bg4 29. Re1 Qd4 30. a3 Rac8 31. Bxe8 Rxe8 32. h3 Bh5 33. Nb7 Qd7
34. Nd6 Re6 35. Nf5 Bg6 36. Rd1 Qe8 37. Qc3 Bxf5 38. exf5 Re2 39. Qf3 h6 40.
Rc1 Rf2 41. Qg4 Qe3 42. Rd1 Rf4 43. Bd2 Rxg4 44. Bxe3 Ra4 45. Bxb6 Rxa3 46. Kh2
h5 47. f6 Rb3 48. Rd8+ Kh7 49. fxg7 Kxg7 50. Bd4+ Kg6 51. Rd6+ Kg5 52. Bf6+ Kg6
53. Bh4+ Kg7 54. Rd5 Kg6 55. Rd6+ Kg7 56. Bg5 Rb5 57. h4 Rf5 58. Kg3 Rf1 59.
Bf4 f6 60. Be3 Kg6 61. Bd4 1-0

[Event "Continental de las Americas"]
[Site "Buenos Aires"]
[Date "2005.08.11"]
[Round "6.23"]
[White "Zugic, Igor"]
[Black "Moreda, Lucas"]
[Result "1-0"]
[WhiteElo "2474"]
[BlackElo "2329"]
[PlyCount "75"]
[EventDate "2005.08.06"]

1. e4 c6 2. c4 d5 3. cxd5 cxd5 4. exd5 Qxd5 5. Nc3 Qa5 6. d4 Nf6 7. Bc4 Nbd7 8.
Qb3 e6 9. Nf3 Qb4 10. O-O Qxb3 11. Bxb3 Bd6 12. Be3 O-O 13. Nb5 Bb8 14. Rac1
Nb6 15. Nc7 Bxc7 16. Rxc7 Nfd5 17. Rc5 Bd7 18. a3 f6 19. Rfc1 Kf7 20. Nd2 Bc6
21. Bd1 Nd7 22. R5c2 Bb5 23. b3 Bd3 24. Ra2 Rfc8 25. Nc4 Ke7 26. Raa1 a5 27.
Bd2 b6 28. Bf3 Ra7 29. Re1 Nc7 30. Re3 Bg6 31. d5 Nb5 32. dxe6 Nc5 33. Nxb6 Rd8
34. Nd5+ Kd6 35. Bxa5 Rxa5 36. b4 Nd4 37. bxa5 Nxf3+ 38. gxf3 1-0

[Event "Continental de las Americas"]
[Site "Buenos Aires"]
[Date "2005.08.11"]
[Round "6.24"]
[White "Alonso, Salvador"]
[Black "Pacheco, Daniel"]
[Result "1/2-1/2"]
[WhiteElo "2457"]
[BlackElo "2324"]
[PlyCount "139"]
[EventDate "2005.08.06"]

1. e4 e6 2. d4 d5 3. Nc3 Nf6 4. Bg5 Bb4 5. e5 h6 6. Bd2 Bxc3 7. bxc3 Ne4 8. Qg4
Kf8 9. Qf4 c5 10. Bd3 Nxd2 11. Qxd2 Nc6 12. Nf3 c4 13. Be2 b5 14. O-O Qe7 15.
a3 Bd7 16. g3 Ke8 17. Nh4 Kd8 18. f4 g6 19. Ng2 Kc7 20. Ne3 Qf8 21. Bf3 Ne7 22.
h3 Bc6 23. Bg2 Rb8 24. Rf2 Rb6 25. g4 Rg8 26. Kh2 h5 27. gxh5 gxh5 28. f5 Qg7
29. f6 Qg3+ 30. Kh1 Nc8 31. Rf3 Qg5 32. Qf2 Rb8 33. h4 Qh6 34. Bh3 Nb6 35. Ng2
Nd7 36. Qe3 Qh7 37. Qe2 Nf8 38. Re1 Ng6 39. Qd2 Rh8 40. Rg3 Rbg8 41. Kh2 Nf8
42. Ree3 Qh6 43. Qf2 Rg6 44. Nf4 Rgg8 45. Ref3 Bd7 46. Qg2 Rxg3 47. Qxg3 Qh7
48. Nxd5+ Kb7 49. Ne3 Rg8 50. Qf2 Bc6 51. Rg3 Ng6 52. Bg2 Rd8 53. Bxc6+ Kxc6
54. Qg2+ Kb6 55. Qe4 Qh6 56. Rg5 Qf8 57. d5 exd5 58. Nxd5+ Ka5 59. Ne3 Rd2+ 60.
Ng2 Qxa3 61. Qe3 Rd7 62. Rg3 Nf8 63. Nf4 a6 64. Rg1 Qb2 65. Rg2 Rd1 66. Qc5 Qc1
67. Ne2 Rh1+ 68. Kg3 Qe1+ 69. Rf2 Ne6 70. Qe3 1/2-1/2

[Event "Continental de las Americas"]
[Site "Buenos Aires"]
[Date "2005.08.11"]
[Round "6.25"]
[White "Echavarria, Johan"]
[Black "Mosquera, Miguel"]
[Result "1/2-1/2"]
[WhiteElo "2362"]
[BlackElo "2442"]
[PlyCount "108"]
[EventDate "2005.08.06"]

1. e4 e6 2. d4 d5 3. Nc3 Bb4 4. e5 c5 5. a3 Bxc3+ 6. bxc3 Ne7 7. a4 Nbc6 8. Bb5
Qa5 9. Bd2 Bd7 10. Nf3 c4 11. O-O f6 12. Re1 O-O-O 13. Bc1 h6 14. Ba3 f5 15.
Qd2 Rdg8 16. Reb1 Qd8 17. Qc1 Be8 18. a5 a6 19. Bd6 Nb8 20. Bxe8 Rxe8 21. Qb2
Qd7 22. Qb6 Nec6 23. Qc5 b5 24. axb6 Kb7 25. Rb2 Qf7 26. Nd2 Nd7 27. Qa3 Ra8
28. Bc7 f4 29. Rba2 g5 30. Qb2 g4 31. Ra4 f3 32. g3 Qh5 33. h4 gxh3 34. Kh2 Qg5
35. Nf1 h5 36. Qa3 a5 37. Qd6 Qe7 38. Qxe7 Nxe7 39. Rxa5 Rxa5 40. Rxa5 Nxb6 41.
Bxb6 Kxb6 42. Ra1 h4 43. Kxh3 hxg3+ 44. Kxg3 Rf8 45. Ne3 Ng6 46. Rh1 Nf4 47.
Rh6 Ne2+ 48. Kg4 Rg8+ 49. Kh4 Nf4 50. Ng4 Ka5 51. Rf6 Rh8+ 52. Kg3 Ne2+ 53.
Kxf3 Nxc3 54. Rxe6 Nb5 1/2-1/2

[Event "Continental de las Americas"]
[Site "Buenos Aires"]
[Date "2005.08.11"]
[Round "6.26"]
[White "D'Arruda, Ricardo"]
[Black "Soppe, Guillermo"]
[Result "1/2-1/2"]
[WhiteElo "2320"]
[BlackElo "2432"]
[PlyCount "88"]
[EventDate "2005.08.06"]

1. d4 d5 2. Nf3 Nf6 3. c4 e6 4. e3 a6 5. Nbd2 c5 6. cxd5 exd5 7. Be2 Nc6 8.
dxc5 Bxc5 9. O-O O-O 10. a3 Ba7 11. Nb3 Re8 12. Bd2 Ne4 13. Rc1 Qd6 14. Bc3 Bg4
15. Nbd4 Nxc3 16. bxc3 Qxa3 17. Nxc6 bxc6 18. Ra1 Qd6 19. g3 Bb8 20. c4 dxc4
21. Qxd6 Bxd6 22. Rfc1 c5 23. Rxc4 h5 24. Rca4 Reb8 25. Kg2 Be7 26. Rxa6 Rxa6
27. Rxa6 Be6 28. Ra7 Bf6 29. h4 g6 30. Rc7 Rc8 31. Rxc8+ Bxc8 32. Nd2 Kf8 33.
Nc4 Ke7 34. f4 Bc3 35. e4 Bd4 36. Nb6 Bb7 37. Bf3 f6 38. Nc4 Ba6 39. Be2 Bb7
40. Bf3 Ba6 41. Be2 Bb5 42. Bd3 Bc6 43. Kh3 Bd7+ 44. f5 gxf5 1/2-1/2

[Event "Continental de las Americas"]
[Site "Buenos Aires"]
[Date "2005.08.11"]
[Round "6.27"]
[White "Leon Hoyos, Manuel"]
[Black "Hungaski, Roberto"]
[Result "0-1"]
[WhiteElo "2431"]
[BlackElo "2308"]
[PlyCount "122"]
[EventDate "2005.08.06"]

1. e4 e5 2. Nf3 Nc6 3. Bb5 a6 4. Ba4 Nf6 5. O-O Be7 6. Re1 b5 7. Bb3 d6 8. c3
O-O 9. h3 Na5 10. Bc2 c5 11. d4 Nd7 12. Nbd2 exd4 13. cxd4 Nc6 14. Nb3 a5 15.
a4 bxa4 16. Rxa4 Nb6 17. Ra3 a4 18. Nbd2 Nxd4 19. Nxd4 cxd4 20. Nf3 d5 21. Ra1
d3 22. Bxd3 Ba6 23. e5 Bxd3 24. Qxd3 Qd7 25. Bg5 Bc5 26. Bf4 Qe6 27. Ng5 Qg6
28. Qxg6 hxg6 29. e6 f6 30. e7 Rfe8 31. Ne6 Rac8 32. Nxc5 Rxc5 33. Re6 Rb5 34.
Re2 Kf7 35. Bc7 Rxe7 36. Rxe7+ Kxe7 37. Bxb6 Rxb6 38. Rxa4 Rxb2 39. Ra7+ Ke6
40. g3 d4 41. Kg2 Re2 42. Kf1 Re5 43. f4 Re4 44. Kf2 Kd5 45. Rxg7 d3 46. Rxg6
d2 47. Rg8 Kc4 48. Rd8 Kc3 49. Kf3 Re1 50. Kg4 Re3 51. Rc8+ Kb2 52. Rd8 Kc2 53.
Rxd2+ Kxd2 54. h4 Kd3 55. Kf5 Rxg3 56. Kxf6 Ke4 57. h5 Rh3 58. Kg6 Kd5 59. f5
Kd6 60. Kg7 Rxh5 61. f6 Rf5 0-1

[Event "Continental de las Americas"]
[Site "Buenos Aires"]
[Date "2005.08.??"]
[Round "6.28"]
[White "Fernandez, Daniel"]
[Black "Hobaica, Juan Pablo"]
[Result "0-1"]
[WhiteElo "2406"]
[BlackElo "2317"]
[PlyCount "72"]
[EventDate "2005.08.06"]

1. f4 d5 2. Nf3 c6 3. b3 Qc7 4. e3 Bg4 5. Bb2 Nd7 6. h3 Bxf3 7. Qxf3 e5 8. g3
Ngf6 9. Nc3 Bd6 10. Bg2 O-O-O 11. O-O-O Kb8 12. Ne2 Rhe8 13. Kb1 e4 14. Qf2 h5
15. Rhg1 a5 16. Bf1 a4 17. g4 g6 18. Qh4 Be7 19. Qf2 Bd6 20. Nd4 Qa5 21. Be2
hxg4 22. hxg4 axb3 23. cxb3 Ba3 24. Ba1 c5 25. Nc2 b5 26. Nxa3 Qxa3 27. Bxb5
Re6 28. f5 Rb6 29. Bb2 Qa5 30. Ba4 c4 31. g5 Nc5 32. gxf6 Nxa4 33. bxa4 Qb4 34.
d4 c3 35. Ka1 cxb2+ 36. Kb1 Rc8 0-1

[Event "Continental de las Americas"]
[Site "Buenos Aires"]
[Date "2005.08.11"]
[Round "6.29"]
[White "Dolezal, Cristian"]
[Black "Luconi, Cristian"]
[Result "1/2-1/2"]
[WhiteElo "2402"]
[BlackElo "2258"]
[PlyCount "74"]
[EventDate "2005.08.06"]

1. e4 c6 2. d4 d5 3. e5 Bf5 4. h4 h5 5. c4 dxc4 6. Bxc4 e6 7. Nc3 Be7 8. Be3
Nh6 9. Qd2 Nd7 10. Nge2 Nb6 11. Bb3 Qd7 12. Ng3 Bg6 13. Bxh6 Rxh6 14. Nge4
O-O-O 15. O-O-O Qc7 16. Qe3 Kb8 17. Bc2 Nd5 18. Nxd5 cxd5 19. Nc3 Rc8 20. Bxg6
Rxg6 21. g3 Qa5 22. Kb1 Rg4 23. f4 Rc6 24. Rh2 Bb4 25. Rc2 Bxc3 26. Rxc3 Rxc3
27. bxc3 Rg6 28. Qd3 Rh6 29. Rc1 Rh8 30. c4 dxc4 31. Qxc4 Qb6+ 32. Ka1 Rd8 33.
Rd1 Rc8 34. Qd3 Qb4 35. d5 exd5 36. Qxd5 Qc3+ 37. Kb1 Qc2+ 1/2-1/2

[Event "Continental de las Americas"]
[Site "Buenos Aires"]
[Date "2005.08.11"]
[Round "6.31"]
[White "Castro, Oscar"]
[Black "Molina, Jorge"]
[Result "1-0"]
[WhiteElo "2385"]
[BlackElo "2195"]
[PlyCount "57"]
[EventDate "2005.08.06"]

1. d4 d5 2. Bg5 h6 3. Bh4 c5 4. Nc3 Qa5 5. dxc5 e6 6. e4 Nc6 7. exd5 exd5 8.
Qxd5 Be6 9. Qd2 Bxc5 10. Ne4 Qxd2+ 11. Nxd2 g5 12. Bg3 f5 13. f4 O-O-O 14.
O-O-O Bxa2 15. Ngf3 g4 16. Nh4 Nge7 17. Bd3 Rhf8 18. Rhe1 Bb4 19. Bf2 Kb8 20.
g3 Na5 21. Re2 Rf6 22. Nb1 Nd5 23. Bd4 Rc6 24. Be5+ Ka8 25. Bc3 Bxb1 26. Bxb4
Nxb4 27. Kxb1 Nxd3 28. Rxd3 Rxd3 29. Re8+ 1-0

[Event "Continental de las Americas"]
[Site "Buenos Aires"]
[Date "2005.08.11"]
[Round "6.32"]
[White "Ruiz, Pablo"]
[Black "Labollita, Martin"]
[Result "0-1"]
[WhiteElo "2189"]
[BlackElo "2383"]
[PlyCount "134"]
[EventDate "2005.08.06"]

1. e4 c6 2. c4 g6 3. d4 Bg7 4. Nc3 d6 5. Be3 Nf6 6. f3 a6 7. Qd2 b5 8. Bd3 bxc4
9. Bxc4 d5 10. Be2 dxe4 11. fxe4 O-O 12. Nf3 Ng4 13. Bg5 h6 14. h3 hxg5 15.
hxg4 Bxg4 16. Qxg5 Bxf3 17. gxf3 e5 18. Qxd8 Rxd8 19. d5 cxd5 20. Nxd5 Nc6 21.
Rc1 Nd4 22. b4 Bf8 23. Kf2 Rdc8 24. Bd3 Kg7 25. Nc7 Bxb4 26. Nxa8 Rxa8 27. Rc4
a5 28. f4 exf4 29. Rc7 Ne6 30. Rd7 Rc8 31. Rd5 Rc3 32. Rd1 Ra3 33. Bc4 Bc5+ 34.
Kf1 Rf3+ 35. Kg2 Rg3+ 36. Kf1 f3 37. Rxc5 Nxc5 38. Bd5 Kf6 39. Kf2 Rh3 40. Ke3
g5 41. Bc4 f2+ 42. Kxf2 Nxe4+ 43. Kg2 Rg3+ 44. Kh2 g4 45. Rd7 Rh3+ 46. Kg2 Ng5
47. Rd4 Kf5 48. Bd3+ Ke5 49. Rxg4 Rxd3 50. Rxg5+ f5 51. Rg8 Kf4 52. a4 Rd2+ 53.
Kh3 Ra2 54. Rh8 Kf3 55. Rh5 Ke4 56. Rh4+ f4 57. Rh8 Rxa4 58. Kg4 Rc4 59. Rd8 a4
60. Rd7 a3 61. Re7+ Kd3 62. Ra7 Rc3 63. Kxf4 Rb3 64. Ke5 Kc3 65. Kd5 Kb2 66.
Kc4 a2 67. Ra8 Ra3 0-1

[Event "Continental de las Americas"]
[Site "Buenos Aires"]
[Date "2005.08.11"]
[Round "6.33"]
[White "Gurevich, Dmitry"]
[Black "Chemin, Justo"]
[Result "1-0"]
[WhiteElo "2515"]
[BlackElo "2296"]
[PlyCount "97"]
[EventDate "2005.08.06"]

1. d4 d5 2. c4 e6 3. Nf3 Nf6 4. g3 Nbd7 5. Qc2 Be7 6. Bg2 c6 7. O-O O-O 8. Rd1
b6 9. b3 Bb7 10. Nc3 Rc8 11. e4 dxe4 12. Ne5 Qc7 13. Nxd7 Qxd7 14. Nxe4 Rfd8
15. Bf4 Qe8 16. a4 Rd7 17. c5 Nxe4 18. Bxe4 h6 19. a5 bxa5 20. Rxa5 a6 21. Ra4
Rcd8 22. h4 g5 23. hxg5 hxg5 24. Be3 f5 25. Bg2 Bf6 26. Rb4 Rh7 27. Qe2 Qf7 28.
Bc1 Kg7 29. Rxb7 Qxb7 30. Qxe6 Qd7 31. Qe2 Qb7 32. Qf3 Kg6 33. g4 f4 34. Qe4+
Kg7 35. Rd3 Rhh8 36. Qf5 Qd7 37. Qxd7+ Rxd7 38. Bb2 Rc7 39. Bc3 Rb8 40. b4 a5
41. bxa5 Rb1+ 42. Kh2 Rb3 43. Be4 Kf8 44. Kg2 Ke7 45. d5 Rxc3 46. d6+ Kd8 47.
dxc7+ Kxc7 48. Rxc3 Bxc3 49. a6 1-0

[Event "Continental de las Americas"]
[Site "Buenos Aires"]
[Date "2005.08.11"]
[Round "6.34"]
[White "Minaya, Juan"]
[Black "Mieles Palau, Daniel"]
[Result "1-0"]
[WhiteElo "2255"]
[BlackElo "2476"]
[PlyCount "46"]
[EventDate "2005.08.06"]

1. e4 c5 2. Nc3 Nc6 3. g3 g6 4. Bg2 Bg7 5. d3 e6 6. Be3 d6 7. Qd2 Nd4 8. Nd1
Ne7 9. c3 Ndc6 10. Nf3 O-O 11. O-O f5 12. Bh6 e5 13. Bxg7 Kxg7 14. exf5 Bxf5
15. Ne3 Qd7 16. d4 exd4 17. cxd4 Be4 18. dxc5 Bxf3 19. cxd6 Bxg2 20. Qc3+ Rf6
21. dxe7 Bxf1 22. Rd1 Qxe7 23. Nd5 Qe5 1-0

[Event "Continental de las Americas"]
[Site "Buenos Aires"]
[Date "2005.08.11"]
[Round "6.36"]
[White "Monier, Raul"]
[Black "Ripari, Marcelo"]
[Result "1/2-1/2"]
[WhiteElo "2412"]
[BlackElo "2295"]
[PlyCount "73"]
[EventDate "2005.08.06"]

1. e4 c5 2. c3 e6 3. d4 d5 4. e5 Qb6 5. Nf3 Bd7 6. Be2 Bb5 7. c4 Bxc4 8. Bxc4
dxc4 9. d5 exd5 10. Qxd5 Ne7 11. Qxc4 Qa6 12. Na3 Qxc4 13. Nxc4 Nf5 14. O-O Nc6
15. Rd1 Be7 16. Bf4 Nfd4 17. Nxd4 Nxd4 18. a3 g5 19. Bg3 Rc8 20. Rac1 Kd7 21.
b4 b5 22. Nd6 Bxd6 23. exd6 a6 24. Rxc5 f6 25. f4 gxf4 26. Bxf4 Rhg8 27. Rh5
Rg7 28. Rh6 Rf7 29. h3 a5 30. Rh5 f5 31. bxa5 Ra8 32. Rd3 Rxa5 33. Rg5 Ra4 34.
Rg8 Rc4 35. Rb3 b4 36. axb4 Rxb4 37. Rd3 1/2-1/2

[Event "Continental de las Americas"]
[Site "Buenos Aires"]
[Date "2005.08.11"]
[Round "6.37"]
[White "Needleman, Gaston"]
[Black "Bachmann, Axel"]
[Result "1-0"]
[WhiteElo "2242"]
[BlackElo "2410"]
[PlyCount "85"]
[EventDate "2005.08.06"]

1. e4 Nc6 2. Nf3 d6 3. Nc3 Nf6 4. d4 g6 5. h3 Bg7 6. Be3 O-O 7. a4 e5 8. dxe5
dxe5 9. Qxd8 Rxd8 10. Bc4 Nd4 11. O-O-O Ne8 12. Nb5 Be6 13. Bxe6 Nxe6 14. Rxd8
Rxd8 15. Nxa7 Ra8 16. b3 Nd6 17. Nd2 c6 18. c3 Bf6 19. h4 Bd8 20. b4 Bc7 21. b5
c5 22. b6 Bxb6 23. Nb5 Nxb5 24. axb5 Ra1+ 25. Nb1 Ra4 26. Nd2 Nc7 27. Kc2 Nxb5
28. Kb3 Ra3+ 29. Kc4 Nxc3 30. Nb1 Nxb1 31. Rxb1 Ra4+ 32. Kb5 Ra6 33. Kc4 Ra4+
34. Kb5 Ra6 35. Kc4 f5 36. f3 f4 37. Bxc5 Bxc5 38. Kxc5 Ra2 39. Kd5 Rxg2 40.
Kxe5 Rh2 41. Rxb7 Rh3 42. Kf6 h6 43. Rb3 1-0

[Event "Continental de las Americas"]
[Site "Buenos Aires"]
[Date "2005.08.11"]
[Round "6.38"]
[White "Zukerfeld, Andres"]
[Black "Dos Santos, Ramiro"]
[Result "1-0"]
[WhiteElo "2237"]
[BlackElo "2393"]
[PlyCount "112"]
[EventDate "2005.08.06"]

1. e4 e5 2. Nf3 Nc6 3. Bb5 Nf6 4. d3 Bc5 5. c3 d6 6. Nbd2 O-O 7. h3 a6 8. Ba4
h6 9. O-O Ba7 10. Re1 Nh7 11. Nf1 f5 12. Bb3+ Kh8 13. exf5 Bxf5 14. Ng3 Bd7 15.
Be3 Bxe3 16. Rxe3 Ng5 17. Nxg5 Qxg5 18. Qh5 Qxh5 19. Nxh5 Ne7 20. Ng3 Bc6 21.
d4 Ng6 22. dxe5 Nxe5 23. Rd1 Rae8 24. Rde1 a5 25. a3 a4 26. Ba2 Nd3 27. Rxe8
Rxe8 28. Rxe8+ Bxe8 29. b4 axb3 30. Bxb3 Bc6 31. Nf1 Nf4 32. Ne3 Ne2+ 33. Kf1
Nxc3 34. f4 b6 35. g4 Nb1 36. Kf2 Nxa3 37. Nf5 Be8 38. h4 b5 39. g5 hxg5 40.
fxg5 g6 41. Ne7 Kg7 42. Ke3 Bf7 43. Bxf7 Kxf7 44. Nd5 c6 45. Nf4 Nc4+ 46. Kd4
Ne5 47. Ke4 b4 48. Kd4 c5+ 49. Kd5 b3 50. Ne2 b2 51. Nc3 Ke7 52. Ke4 Ke6 53.
Nb1 d5+ 54. Kf4 c4 55. Ke3 Nc6 56. Na3 Kf5 1-0

[Event "Continental de las Americas"]
[Site "Buenos Aires"]
[Date "2005.08.11"]
[Round "6.39"]
[White "Perez Cascella, Julio"]
[Black "Real de Azua, Ernesto"]
[Result "1-0"]
[WhiteElo "2209"]
[BlackElo "2386"]
[PlyCount "58"]
[EventDate "2005.08.06"]

1. Nf3 c5 2. c4 Nf6 3. Nc3 Nc6 4. g3 d5 5. cxd5 Nxd5 6. Bg2 Nc7 7. O-O e5 8. d3
Be7 9. Nd2 Bd7 10. Nc4 f6 11. f4 b5 12. Ne3 Rb8 13. fxe5 Nxe5 14. Nf5 O-O 15.
Ne4 Ne6 16. Bd2 Nd4 17. Nxe7+ Qxe7 18. h3 Rfd8 19. Rc1 c4 20. Ba5 f5 21. Bxd8
Rxd8 22. Nc3 Be6 23. e3 Ndc6 24. d4 Qg5 25. Qe2 Nd3 26. Bxc6 Qxg3+ 27. Bg2 b4
28. Na4 Bd5 29. Rcd1 Re8 {1-0 en 46} 1-0

[Event "Continental de las Americas"]
[Site "Buenos Aires"]
[Date "2005.08.11"]
[Round "6.40"]
[White "Uribe, Mauricio"]
[Black "Orsini, Antonio"]
[Result "0-1"]
[WhiteElo "2373"]
[BlackElo "2233"]
[PlyCount "64"]
[EventDate "2005.08.06"]

1. e4 e6 2. d4 d5 3. e5 c5 4. c3 Nc6 5. Nf3 Qb6 6. a3 Nh6 7. b4 cxd4 8. cxd4
Nf5 9. Be3 f6 10. Bd3 Nxe3 11. fxe3 fxe5 12. b5 Nxd4 13. exd4 e4 14. Bxe4 dxe4
15. Ne5 Bd7 16. O-O O-O-O 17. Nf7 Bxb5 18. Nxd8 Bxf1 19. Nf7 Bd3 20. Nd2 Qxd4+
21. Kh1 Rg8 22. Rc1+ Kb8 23. Qb3 Qf6 24. Nxe4 Qf4 25. Qc3 Bxa3 26. Qxa3 Bxe4
27. Nd6 Bc6 28. h3 Qf2 29. Rxc6 bxc6 30. Qb3+ Qb6 31. Qxe6 Rd8 32. Ne4 a5 0-1

[Event "Continental de las Americas"]
[Site "Buenos Aires"]
[Date "2005.08.11"]
[Round "6.42"]
[White "Contreras, Henry"]
[Black "Mareco, Sandro"]
[Result "1-0"]
[WhiteElo "2328"]
[BlackElo "2187"]
[PlyCount "93"]
[EventDate "2005.08.06"]

1. e4 c5 2. Nf3 Nc6 3. d4 cxd4 4. Nxd4 Nf6 5. Nc3 e5 6. Ndb5 d6 7. Bg5 a6 8.
Na3 b5 9. Bxf6 gxf6 10. Nd5 f5 11. c3 Bg7 12. exf5 Bxf5 13. Nc2 O-O 14. Nce3
Be6 15. Qh5 f5 16. Bd3 e4 17. Bc2 Ne7 18. Rd1 Rc8 19. Bb3 Nc6 20. g3 Ne5 21.
Nf4 Bxb3 22. axb3 Qd7 23. Ned5 Rce8 24. O-O Nf3+ 25. Kg2 Re5 26. Ra1 Qb7 27.
Rfd1 Bf6 28. Qh6 Bg5 29. Qxd6 Qf7 30. Qc7 Qxc7 31. Nxc7 Bxf4 32. gxf4 Re7 33.
Nxa6 Kh8 34. h3 Nh4+ 35. Kf1 Rg8 36. Nb4 e3 37. Re1 Nf3 38. Rxe3 Rg1+ 39. Ke2
Rxe3+ 40. fxe3 Rxa1 41. Kxf3 Rh1 42. Kg3 Rb1 43. Nc2 Kg8 44. Nd4 Rxb2 45. b4
Kf7 46. Nxf5 Ke6 47. e4 1-0

[Event "Continental de las Americas"]
[Site "Buenos Aires"]
[Date "2005.08.11"]
[Round "6.44"]
[White "Tovillas, Daniel"]
[Black "Zapata, Karen"]
[Result "0-1"]
[WhiteElo "2310"]
[BlackElo "2156"]
[PlyCount "68"]
[EventDate "2005.08.06"]

1. e4 d6 2. d4 Nf6 3. Nc3 g6 4. g3 Bg7 5. Bg2 O-O 6. Nge2 c6 7. O-O Nbd7 8. a4
Qc7 9. h3 e5 10. Be3 b6 11. Qd2 Bb7 12. Bh6 Rfe8 13. Bxg7 Kxg7 14. f4 Rad8 15.
g4 h6 16. Ng3 Nf8 17. g5 hxg5 18. fxg5 N6h7 19. d5 Nd7 20. h4 f6 21. gxf6+
Ndxf6 22. Rxf6 Nxf6 23. Qg5 Nh7 24. Nf5+ Kh8 25. Qxg6 Rg8 26. Qh5 cxd5 27. exd5
Qc5+ 28. Kh1 Qf2 29. Be4 Rd7 30. Nxd6 Rg3 31. Qe8+ Nf8 32. Qh5+ Rh7 33. Qxe5+
Rhg7 34. Qxg7+ Rxg7 0-1